Colonisation, identity and search for peace : (Record no. 2563)
[ view plain ]
| 000 -LEADER | |
|---|---|
| fixed length control field | 01224cam a2200325Ma 4500 |
| 001 - CONTROL NUMBER | |
| control field | 12285259 |
| 003 - CONTROL NUMBER IDENTIFIER | |
| control field | GBCCL |
| 005 - DATE AND TIME OF LATEST TRANSACTION | |
| control field | 20241126110432.0 |
| 008 - FIXED-LENGTH DATA ELEMENTS--GENERAL INFORMATION | |
| fixed length control field | 131009s2014 enk 000 0 eng d |
| 015 ## - | |
| -- | GBB3B1311 |
| -- | bnb |
| 016 7# - | |
| -- | 016559715 |
| -- | Uk |
| 035 ## - SYSTEM CONTROL NUMBER | |
| System control number | (OCoLC)ocn896868585 |
| 035 ## - SYSTEM CONTROL NUMBER | |
| System control number | 12285259 |
| 040 ## - CATALOGING SOURCE | |
| Original cataloging agency | UKMGB |
| Language of cataloging | eng |
| Transcribing agency | UKMGB |
| Modifying agency | OCLCO |
| -- | CtY-D |
| 082 04 - DEWEY DECIMAL CLASSIFICATION NUMBER | |
| Classification number | 305.89 |
| Edition information | 23 |
| Item number | HAO |
| 100 1# - MAIN ENTRY--PERSONAL NAME | |
| Personal name | Haokip, Jangkholam. |
| 9 (RLIN) | 5360 |
| 245 10 - TITLE STATEMENT | |
| Title | Colonisation, identity and search for peace : |
| Remainder of title | a transcribed text of and preliminary comments on operations against Kuki tribes of Assam and Burma 1917-1919 |
| Statement of responsibility, etc. | Jangkholam Haokip. |
| 264 #1 - PRODUCTION, PUBLICATION, DISTRIBUTION, MANUFACTURE, AND COPYRIGHT NOTICE | |
| Place of production, publication, distribution, manufacture | Churachandpur : |
| Name of producer, publisher, distributor, manufacturer | Dr. Laljem Haokip, |
| Date of production, publication, distribution, manufacture, or copyright notice | 2015. |
| 300 ## - PHYSICAL DESCRIPTION | |
| Extent | 127 pages ; |
| Dimensions | 23 cm |
| 336 ## - CONTENT TYPE | |
| Content type term | text |
| Source | rdacontent |
| 337 ## - MEDIA TYPE | |
| Media type term | unmediated |
| Source | rdamedia |
| 338 ## - CARRIER TYPE | |
| Carrier type term | volume |
| Source | rdacarrier |
| 500 ## - GENERAL NOTE | |
| General note | A colonial document preserved at British library |
| 650 #0 - SUBJECT ADDED ENTRY--TOPICAL TERM | |
| Topical term or geographic name entry element | Kuki (Indic people) |
| Geographic subdivision | India |
| -- | Assam |
| General subdivision | Ethnic identity. |
| 9 (RLIN) | 5361 |
| 650 #0 - SUBJECT ADDED ENTRY--TOPICAL TERM | |
| Topical term or geographic name entry element | Kuki (Indic people) |
| Geographic subdivision | India |
| -- | Burma |
| General subdivision | Religion. |
| 9 (RLIN) | 5362 |
| 650 #0 - SUBJECT ADDED ENTRY--TOPICAL TERM | |
| Topical term or geographic name entry element | Colonization |
| General subdivision | Religious aspects. |
| 9 (RLIN) | 5363 |
| 650 #0 - SUBJECT ADDED ENTRY--TOPICAL TERM | |
| Topical term or geographic name entry element | Christianity and culture |
| Geographic subdivision | India, Northeastern. |
| 9 (RLIN) | 1830 |
| 651 #0 - SUBJECT ADDED ENTRY--GEOGRAPHIC NAME | |
| Geographic name | India, Northeastern |
| General subdivision | Colonization. |
| 9 (RLIN) | 5364 |
| 942 ## - ADDED ENTRY ELEMENTS (KOHA) | |
| Source of classification or shelving scheme | Dewey Decimal Classification |
| Koha item type | Books |
| Koha issues (borrowed), all copies | 2 |
| Withdrawn status | Lost status | Source of classification or shelving scheme | Damaged status | Not for loan | Home library | Current Library | Shelving location | Date acquired | Total checkouts | Full call number | Barcode | Date last seen | Copy number | Price effective from | Koha item type | Date last checked out |
|---|---|---|---|---|---|---|---|---|---|---|---|---|---|---|---|---|
| Dewey Decimal Classification | GRACE BIBLE COLLEGE | GRACE BIBLE COLLEGE | North East Collection | 2017-08-24 | 305.89 HAO | 014487 | 2025-05-01 | c.1 | 2017-08-24 | Books | ||||||
| Dewey Decimal Classification | GRACE BIBLE COLLEGE | GRACE BIBLE COLLEGE | North East Collection | 2017-08-24 | 2 | 305.89 HAO | 014488 | 2026-02-19 | c.2 | 2017-08-24 | Books | 2026-02-18 | ||||
| Dewey Decimal Classification | GRACE BIBLE COLLEGE | GRACE BIBLE COLLEGE | North East Collection | 2017-08-24 | 1 | 305.89 HAO | 014489 | 2025-05-01 | c.3 | 2017-08-24 | Books | 2018-08-30 |